Statystyki dla Państwa w pustym pierścieniu na mapie świata

Kliknij tutaj aby rozwiązać quiz!

Ogólne statystyki

  • Ten quiz został rozwiązany 102 razy
  • Średni wynik to 18 z 27

Odpowiedzi na mapie

Odpowiedzi skodowane kolorowo w zielono-czerwonej skali na mapie do tego quizu, zgodnie z poniższymi procentami.
 

Statystyki odpowiedzi

Państwo% Poprawnych
Chiny
95%
Indie
93%
Australia
85%
Nepal
80%
Arabia Saudyjska
79%
Somalia
77%
Indonezja
76%
Etiopia
74%
Jemen
73%
Iran
72%
Pakistan
72%
Oman
71%
Bangladesz
69%
Bhutan
69%
Kenia
67%
Wietnam
66%
Tanzania
65%
Mjanma
64%
Filipiny
63%
Madagaskar
60%
Zjednoczone Emiraty Arabskie
60%
Mozambik
58%
Erytrea
55%
Dżibuti
53%
Komory
47%
Mauritius
38%
Timor Wschodni
37%

Rozkład punktacji

Percentyl według liczby udzielonych odpowiedzi

Procent ludzi z każdym wynikiem

Twoja historia wyników

Nie rozwiązałeś tego quizu